LEADER 01199nam a2200217 i 4500 001 000000242917 003 CaOOAMICUS 005 20150618000000.0 008 150618s1824 it u000 u lat u 013 $a221822 026 $aedre tihe 7.ur anch (3) 1824 (Q) 040 $aSeMil$bita 245 13$aLa Vita di G. C. conversando cogli uomini meditazioni dalla terza domenica dopo la Pentecoste sino alla domenica 16. 300 $aXIV, 491 [i.e 493], [1] p. 500 $aLe p. 273 e 274 ripetute nella num. 773 0 $aNoüet, Jacques $tVita di Gesù Cristo meditata. Meditazioni per tutti i giorni dell'anno ricavate dalle opere del celebre P. Giacomo Novet della Compagnia di Gesù tradotte dal francese e disposte in buon metodo .. da un sacerdote dell'Oratorio di S. Filippo Neri.$dAncona : A spese di Cesare Angelo Sartori, 1824.$gTomo4$w()32065 850 $aSeMil 852 $aSeMil$W1$xVenegono$y1$m3F II 307 FA$j193263$B193263$CSeMilBibl$Z2$F204064 $8I 941 1 $a10 961 $aRecupero: Mantegazza 996 $6245$aLa Vita di G. C. conversando cogli uomini meditazioni dalla terza domenica dopo la Pentecoste sino alla domenica 16$9(OLS)http://semarc/title/344731 LEADER 01311nam a2200265 i 4500 001 000000064794 003 CaOOAMICUS 005 20131018000000.0 008 131018s1975 xx u000 u fre u 013 $a35966 040 $aSeMil$bita 100 1 $aDodd, Charles Harold,$d<1884-1973>.$0(OLS)http://semarc/name/4431 240 14$aThe Interpretation of the Fourth Gospel.$0(OLS)http://semarc/title/102708 245 12$aL'interprétation du quatrième Évangile /$cC.H. Dodd ; Traduit de l'anglais par Maurice Montabrut. 260 $aParis :$bLes Éditions du Cerf,$ccopyr. 1975. 300 $a598 p. ;$c22 cm. 490 0 $aLectio divina [Cerf] ;$v82 500 $aContiene : Appendice Réflexions sur l'historicité du Quatrième évangile. 650 4$aBibbia. Nuovo Testamento. Vangelo secondo Giovanni - Commentari, studi, critica, interpretazioni.$0(OLS)http://semarc/subject/119 700 1 $aMontabrut, Maurice.$0(OLS)http://semarc/name/32620 830 0$aLectio divina ;$v82.$0(OLS)http://semarc/title/8 850 $aSeMil 852 $aSeMil$W1$xVenegono$y1$m2WA K 82$j30947$B30947$CSeMilBibl$Z2$F30950 $81 996 $6245$aL'interprétation du quatrième Évangile$9(OLS)http://semarc/title/102707 996 $6260$aParis :$bLes Éditions du Cerf$9(OLS)http://semarc/publisher/29611